Top 100 Most Popular Alternative Metal Albums on Rate Your Music - Statistics

General Stats
  • This quiz has been taken 85 times
  • The average score is 27 of 100
Answer Stats
No. of Ratings Year of Release Sub-Genre Album % Correct
32,405 2001 Alternative Metal Toxicity
75%
20,470 2000 Nu Metal / Rap Rock Hybrid Theory
72%
26,629 1992 Grunge / Alternative Metal Dirt
67%
17,916 1998 Alternative Metal System of a Down
67%
12,176 1994 Nu Metal Korn
65%
15,880 2003 Nu Metal / Rap Rock Meteora
63%
13,833 2005 Alternative Metal Hypnotize
61%
13,702 1999 Nu Metal Slipknot
61%
28,874 2000 Alternative Metal White Pony
61%
12,997 2002 Alternative Metal Steal This Album!
60%
23,660 1997 Nu Metal / Alternative Metal Around the Fur
58%
9,171 1998 Nu Metal Follow the Leader
58%
11,455 2001 Nu Metal Iowa
58%
21,243 1992 Rap Metal Rage Against the Machine
58%
17,053 2005 Alternative Metal Mezmerize
56%
6,470 1999 Nu Metal / Rap Metal / Rap Rock Significant Other
53%
7,700 2000 Nu Metal / Rap Metal / Rap Rock Chocolate Starfish and the Hog Dog Flavored Water
49%
9,168 2004 Alternative Metal / Nu Metal Vol 3: (The Subliminal Verses)
49%
11,008 1995 Nu Metal / Alternative Metal Adrenaline
46%
7,526 1999 Nu Metal Issues
46%
29,420 2001 Alternative Metal / Progressive Metal Lateralus
46%
6,816 1996 Nu Metal Life Is Peachy
46%
9,945 2003 Alternative Metal Deftones
44%
13,568 1990 Grunge / Alternative Metal Facelift
40%
11,104 1995 Grunge / Alternative Metal Alice In Chains
39%
7,247 2008 Alternative Metal All Hope Is Gone
39%
25,214 1996 Alternative Metal Ænima
37%
13,228 2010 Alternative Metal Diamond Eyes
37%
11,777 2006 Alternative Metal / Alternative Rock Saturday Night Wrist
37%
13,693 1996 Rap Metal / Alternative Metal Evil Empire
33%
7,022 2016 Alternative Metal / Alternative Rock Gore
33%
13,940 2012 Alternative Metal Koi No Yokan
33%
10,582 2001 Neue Deutsche Härte Mutter
33%
4,423 1997 Nu Metal / Rap Metal Three Dollar Bill, Yall$
33%
16,281 1993 Alternative Metal Undertow
32%
18,956 2006 Alternative Metal / Progressive Metal / Progressive Rock 10,000 Days
30%
14,441 1992 Alternative Metal Angel Dust
30%
10,302 2020 Alternative Metal Ohms
30%
4,227 2019 Neue Deutsche Härte Rammstein
30%
13,231 1999 Rap Metal The Battle of Los Angeles
30%
4,935 2014 Alternative Metal .5: The Gray Chapter
28%
5,031 2002 Nu Metal / Alternative Metal Untouchables
28%
5,042 2000 Nu Metal The Sickness
25%
5,652 2019 Alternative Metal We Are Not Your Kind
25%
7,925 1995 Alternative Metal King for a Day... Fool for a Lifetime
23%
7,636 1996 Groove Metal / Nu Metal / Alternative Metal Roots
23%
10,101 1989 Alternative Metal / Funk Metal The Real Thing
23%
8,702 1990 Funk Metal Frizzle Fry
21%
8,527 1991 Experimental Rock / Avant-Garde Metal / Funk Metal Mr. Bungle
21%
8,843 1991 Funk Metal Sailing the Seas of Cheese
21%
11,593 1991 Grunge / Alternative Metal Badmotorfinger
19%
6,151 1993 Funk Metal / Avant-Garde Metal Pork Soda
19%
3,892 2003 Nu Metal Take a Look In the Mirror
19%
7,434 2003 Alternative Metal Fallen
18%
3,201 2000 Nu Metal / Alternative Metal L.D. 50
18%
6,669 2000 Rap Metal / Alternative Metal Renegades
18%
7,355 1997 Neue Deutsche Härte Sehnsucht
18%
3,175 2003 Rap Rock / Nu Metal Results May Vary
16%
3,762 2005 Alternative Metal / Nu Metal See You on the Other Side
16%
2,959 2022 Alternative Metal / Nu Metal The End, So Far
16%
4,883 1997 Alternative Metal / Alternative Rock Album of the Year
14%
5,384 2009 Alternative Metal / Grunge Black Gives Way to Blue
14%
3,211 2000 Nu Metal / Rap Rock / Rap Metal Infest
14%
3,286 1987 Funk Metal / Alternative Metal / Alternative Rock Introduce Yourself
14%
4,474 1989 Grunge / Alternative Metal / Hard Rock Louder Than Love
14%
6,468 2004 Neue Deutsche Härte Reise, Reise
14%
4,628 1997 Funk Metal / Nu Metal S.C.I.E.N.C.E.
14%
4,709 1992 Alternative Metal / Post-Hardcore Meantime
12%
6,350 1988 Alternative Rock / Hard Rock / Alternative Metal Nothing's Shocking
12%
4,713 2005 Neue Deutsche Härte / Industrial Metal Rosenrot
12%
3,515 2013 Alternative Metal / Grunge The Devil Put Dinosaurs Here
12%
2,909 2011 Brostep / Nu Metal The Path of Totality
12%
3,258 1988 Grunge / Alternative Metal Ultramega OK
12%
3,514 2014 Trance Metal / Kawaii Metal / Alternative Metal BABYMETAL
11%
9,496 2020 Alternative Metal I Disagree
11%
3,690 2009 Neue Deutsche Härte / Industrial Metal Liebe ist für alle da
11%
6,647 2013 Metalcore / Post-Hardcore / Alternative Metal Sempiternal
11%
17,206 2003 Alternative Metal St. Anger
11%
4,882 2007 Alternative Metal / Heavy Metal Avenged Sevenfold
9%
5,601 1995 Neue Deutsche Härte Herzeleid
9%
5,373 2020 Alternative Metal / Metalcore I Let It In and It Took Everything
9%
3,544 2003 Gothic Metal / Alternative Metal Life Is Killing Me
9%
5,359 2006 Alternative Metal The Great Cold Distance
9%
3,799 2014 Alternative Metal / Alternative Rock The Hunting Party
9%
4,974 2022 Alternative Metal We're Not Here to Be Loved
9%
3,628 1986 Alternative Metal / Punk Rock I Against I
7%
3,637 1994 Industrial Rock / Alternative Metal Portrait of an American Family
7%
3,516 1995 Funk Metal / Funk Rock Tales From the Punchbowl
7%
3,429 2005 Alternative Metal Ten Thousand Fists
7%
2,894 2002 Alternative Metal / Nu Metal Believe
5%
5,574 1997 Progressive Metal / Alternative Metal Biomech
5%
4,879 2020 Shoegaze / Alternative Metal Inlet
5%
3,444 2009 Alternative Metal Addicted
4%
3,568 2001 Alternative Rock / Alternative Metal Last Fair Deal Gone Down
4%
2,965 2015 Alternative Metal / Alternative Rock Sol Invictus
4%
3,079 2023 Alternative Metal / Alt-Pop Take Me Back to Eden
4%
3,733 2001 Experimental Rock / Avant-Garde Metal / Alternative Metal The Director's Cut
4%
3,862 2003 Alternative Metal Viva Emptiness
4%
3,006 1988 Hard Rock / Funk Metal Vivid
4%
4,124 2002 Rap Rock / Nu Metal / Experimental Hip-Hop Reanimation
2%
No matching quizzes found
Score Distribution
Percent of People with Each Score
Percentile by Number Answered
Your Score History
You have not taken this quiz